US State Capitals that Start with A - Statistics

General Stats
  • This quiz has been taken 62 times
  • The average score is 4 of 5
Answer Stats
State Capital % Correct
Texas Austin
95%
Georgia Atlanta
89%
Maryland Annapolis
80%
New York Albany
79%
Maine Augusta
79%
No matching quizzes found
Score Distribution
Percent of People with Each Score
Percentile by Number Answered
Your Score History
You have not taken this quiz